| 000 | 00711nam a22002297a 4500 | ||
|---|---|---|---|
| 005 | 20151111071910.0 | ||
| 008 | 080624s2008 mou 000 0 eng | ||
| 020 | _a9781881018636 | ||
| 041 | 0 | _aeng | |
| 080 | _a681.2 | ||
| 100 | 1 | _aOakes, William C., | |
| 245 | 1 | 0 |
_aEngineering your future : _cWIlliam C. Oakes, Les L. Leone, Craig J. Gunn ; editor, John L. Gruender. |
| 250 | _a6th ed. | ||
| 260 |
_aSt. Louis, MO : _bGreat Lakes Press, _c2008. |
||
| 300 |
_a594 f. : _bme il.; _c26 cm. |
||
| 505 | _aIndex: f. 591 - 594 | ||
| 650 | 0 | _aInxhinieri | |
| 700 | 1 | _aLeone, Les L. | |
| 700 | 1 | _aGunn, Craig J. | |
| 700 | 1 | _aGruender, John L. | |
| 942 |
_2udc _cBK |
||
| 999 |
_c607 _d607 |
||